[Event "XXVII Festival Conca della Presolana B"]
[Site "Bratto - Castione della Presolana ITA"]
[Date "2007.08.29"]
[Round "6"]
[White "Fiorili, Roberto"]
[Black "Autelitano, Bruno"]
[Result "1-0"]
[WhiteElo "1946"]
[BlackElo "1754"]
[PlyCount "99"]
[EventDate "2007.08.24"]

1. d4 d5 2. Nf3 Nf6 3. Bf4 c6 4. e3 Qb6 5. b3 Bf5 6. Bd3 Bxd3 7. Qxd3 Nbd7 8.
O-O Nh5 9. Re1 e6 10. c4 Be7 11. Nc3 h6 12. h3 Nxf4 13. exf4 g6 14. Ne5 Nxe5
15. fxe5 dxc4 16. bxc4 Rd8 17. d5 Bb4 18. d6 Bxc3 19. Qxc3 Qc5 20. Qe3 Qxe3 21.
Rxe3 b6 22. a4 c5 23. a5 Rb8 24. axb6 axb6 25. Rb3 O-O 26. Ra6 f6 27. exf6 Rxf6
28. Raxb6 Rxb6 29. Rxb6 Rf8 30. Kf1 Rd8 31. Ke2 Kf7 32. Ke3 Kf6 33. f4 Rd7 34.
Ke4 Rd8 35. g4 g5 36. Rc6 Rd7 37. f5 exf5+ 38. gxf5 h5 39. Kd5 g4 40. hxg4 hxg4
41. Rxc5 g3 42. Rb5 g2 43. Rb1 Kxf5 44. c5 Rg7 45. Rg1 Kf6 46. Kc6 Ke6 47. Re1+
Kf6 48. d7 g1=Q 49. d8=Q+ Kf7 50. Qe8+ 1-0

[Event "XXVII Festival Conca della Presolana B"]
[Site "Bratto - Castione della Presolana ITA"]
[Date "2007.08.29"]
[Round "6"]
[White "Franciosi, Fausto"]
[Black "Fontanesi, Riccardo"]
[Result "1/2-1/2"]
[WhiteElo "1698"]
[BlackElo "1837"]
[PlyCount "42"]
[EventDate "2007.08.24"]

1. g3 d5 2. Bg2 Nf6 3. Nf3 g6 4. d3 Bg7 5. Nbd2 O-O 6. O-O c5 7. Re1 Nc6 8. e4
dxe4 9. Nxe4 Nxe4 10. Rxe4 Bf5 11. Rh4 Rc8 12. Bh6 f6 13. Bh3 Bxh3 14. Rxh3 Qd7
15. Rh4 Bxh6 16. Rxh6 g5 17. h4 Qf5 18. Rh5 Qg4 19. Nh2 Qxd1+ 20. Rxd1 gxh4 21.
Rxh4 Rfd8 1/2-1/2

[Event "XXVII Festival Conca della Presolana B"]
[Site "Bratto - Castione della Presolana ITA"]
[Date "2007.08.29"]
[Round "6"]
[White "Franzini, Stefano"]
[Black "Tafur, Abel"]
[Result "0-1"]
[WhiteElo "1905"]
[BlackElo "1984"]
[PlyCount "81"]
[EventDate "2007.08.24"]

1. e4 g6 2. d4 Bg7 3. f4 c5 4. Nf3 cxd4 5. Nxd4 Nc6 6. Nxc6 bxc6 7. Bd3 Nf6 8.
Qe2 O-O 9. O-O d6 10. h3 Rb8 11. c3 Nh5 12. Qf2 e5 13. fxe5 dxe5 14. Bc4 Kh8
15. Bb3 Ba6 16. Rd1 Qf6 17. Qxa7 Be2 18. Re1 Bd3 19. Qf2 Nf4 20. Bxf4 exf4 21.
Nd2 Rfe8 22. Qf3 Ba6 23. Rab1 Bf8 24. Bc4 Red8 25. Bxa6 Rxd2 26. Re2 Rdd8 27.
Bc4 Kg7 28. e5 Qf5 29. Rf1 g5 30. e6 Qc5+ 31. Kh1 Qxc4 32. e7 Bxe7 33. Rxe7
Rxb2 34. Rfe1 Rdd2 35. h4 Rxg2 36. hxg5 Rh2+ 37. Kg1 Qc5+ 38. R1e3 Qxg5+ 39.
Kf1 Rhf2+ 40. Qxf2 Rxf2+ 41. Kxf2 0-1

[Event "XXVII Festival Conca della Presolana B"]
[Site "Bratto - Castione della Presolana ITA"]
[Date "2007.08.29"]
[Round "6"]
[White "Gazzetta, Marco"]
[Black "Rombaldoni, Brian"]
[Result "1/2-1/2"]
[WhiteElo "1769"]
[BlackElo "1812"]
[PlyCount "110"]
[EventDate "2007.08.24"]

1. Nc3 c6 2. g3 d5 3. Bg2 Nf6 4. e4 dxe4 5. Nxe4 Nxe4 6. Bxe4 Nd7 7. Ne2 Nf6 8.
Bg2 Bf5 9. d3 e6 10. O-O Bc5 11. h3 h6 12. a3 a5 13. Nf4 O-O 14. Bd2 Qb6 15.
Bc3 Bd4 16. Bxd4 Qxd4 17. c3 Qb6 18. d4 Qxb2 19. Qf3 Ne4 20. Rfb1 Qxc3 21. Qxc3
Nxc3 22. Rxb7 Be4 23. Bxe4 Nxe4 24. Rc1 Rfc8 25. Kg2 c5 26. f3 Nf6 27. dxc5 Rc6
28. Nd3 Rd8 29. Ne5 Rcc8 30. c6 Ne8 31. c7 Rd2+ 32. Kg1 Kh7 33. Nc4 Rd7 34.
Nxa5 Rdxc7 35. Rbxc7 Rxc7 36. Rxc7 Nxc7 37. Nc6 Na6 38. Kf2 Kg6 39. Ke3 Kf6 40.
a4 h5 41. a5 g5 42. Kd4 Kf5 43. Nd8 f6 44. Nb7 e5+ 45. Ke3 g4 46. Nd6+ Ke6 47.
hxg4 hxg4 48. Ne4 gxf3 49. Kxf3 f5 50. Nc3 Kd6 51. Nd1 Ke6 52. Nf2 Nc5 53. g4
fxg4+ 54. Nxg4 Kd5 55. Ke3 Kc6 1/2-1/2

[Event "XXVII Festival Conca della Presolana B"]
[Site "Bratto - Castione della Presolana ITA"]
[Date "2007.08.29"]
[Round "6"]
[White "Gozzini, Giambattista"]
[Black "Vocaturo, Ilaria"]
[Result "1-0"]
[WhiteElo "1881"]
[BlackElo "1698"]
[PlyCount "81"]
[EventDate "2007.08.24"]

1. e4 e5 2. Nf3 Nf6 3. Nxe5 d6 4. Nf3 Nxe4 5. d4 d5 6. Bd3 Bd6 7. O-O O-O 8. c4
c6 9. Nc3 Nxc3 10. bxc3 Bg4 11. h3 Bh5 12. Rb1 b6 13. Re1 Nd7 14. g4 Bg6 15.
Bg5 Qc7 16. cxd5 cxd5 17. Be7 Rfe8 18. Bxd6 Qxd6 19. Bxg6 Qxg6 20. Qa4 Qd6 21.
Rxe8+ Rxe8 22. Ne5 Re7 23. Qxa7 g6 24. Nxd7 Rxd7 25. Qxb6 Qf4 26. Qb8+ Qxb8 27.
Rxb8+ Kg7 28. Rb5 Kf6 29. a4 Kg5 30. c4 Kf4 31. Rxd5 Rc7 32. Rc5 Ra7 33. a5 Ke4
34. d5 Kd4 35. Rc6 Rxa5 36. d6 Ra8 37. Rc7 Rd8 38. c5 Kd5 39. d7 Ke6 40. c6 Kd6
41. Rc8 1-0

[Event "XXVII Festival Conca della Presolana B"]
[Site "Bratto - Castione della Presolana ITA"]
[Date "2007.08.29"]
[Round "6"]
[White "Hunt, Daniel"]
[Black "Nepi, Ezio"]
[Result "0-1"]
[WhiteElo "1754"]
[BlackElo "1831"]
[PlyCount "96"]
[EventDate "2007.08.24"]

1. e4 e6 2. d4 d5 3. Nc3 Bb4 4. e5 c5 5. Bd2 Nc6 6. Nf3 cxd4 7. Nb5 Bxd2+ 8.
Qxd2 Nge7 9. Nbxd4 a6 10. Bd3 Nxd4 11. Nxd4 Qc7 12. f4 g6 13. O-O h5 14. Kh1
Nf5 15. Bxf5 gxf5 16. a4 Qe7 17. Ra3 Bd7 18. Qa5 Rc8 19. Rb3 Bc6 20. Rc3 Qc7
21. Nxc6 bxc6 22. Qxa6 Kd7 23. b3 Ra8 24. Qe2 Rh7 25. Rh3 Rah8 26. c3 h4 27.
Qf2 Qa5 28. Ra1 Ra8 29. b4 Qa7 30. Qe1 Rg8 31. b5 Rg4 32. Rf3 Rhg7 33. bxc6+
Kxc6 34. Ra2 Qa8 35. Qf1 Kc7 36. Qd3 Qc6 37. Qd4 Qb6 38. Qd3 Qb3 39. Rff2 d4
40. Rac2 Rxg2 41. Rc1 Qd5 42. cxd4+ Kd8 43. Rf3 Rf2 44. Rf1 Rgg2 45. Rb1 Rxh2+
46. Kg1 Rhg2+ 47. Kh1 Rxf3 48. Rb8+ Ke7 0-1

[Event "XXVII Festival Conca della Presolana B"]
[Site "Bratto - Castione della Presolana ITA"]
[Date "2007.08.29"]
[Round "6"]
[White "Mansueti, Marco"]
[Black "Antoniacci, Riccardo"]
[Result "0-1"]
[WhiteElo "1703"]
[BlackElo "1989"]
[PlyCount "104"]
[EventDate "2007.08.24"]

1. d4 Nf6 2. Bf4 d6 3. Nf3 Nbd7 4. e3 g6 5. Nbd2 Bg7 6. Be2 O-O 7. h3 c5 8. c3
b6 9. O-O Bb7 10. Rc1 Nh5 11. Bh2 f5 12. Ng5 Rf6 13. Bxh5 gxh5 14. Qxh5 Bh6 15.
f4 Rg6 16. h4 Nf6 17. Qe2 Qd7 18. e4 Bxg5 19. exf5 Qxf5 20. fxg5 Qd5 21. Rf2
Ne4 22. Qxe4 Qxe4 23. Nxe4 Bxe4 24. Re1 d5 25. dxc5 bxc5 26. c4 e6 27. cxd5
exd5 28. Rf6 Rxf6 29. gxf6 Kf7 30. Bd6 c4 31. Be5 Rg8 32. Re2 Rg4 33. g3 Ke6
34. Rf2 Bg6 35. Kg2 d4 36. f7 Bxf7 37. Rf6+ Kxe5 38. Rxf7 d3 39. Re7+ Kd6 40.
Re1 Kd5 41. Kf3 h5 42. Re7 Kd6 43. Re1 a5 44. a4 Kd5 45. Rg1 Kc5 46. Rc1 Kb4
47. Rc3 Re4 48. Rc1 Re2 49. g4 hxg4+ 50. Kxg4 d2 51. Rd1 c3 52. bxc3+ Kxc3 0-1

[Event "XXVII Festival Conca della Presolana B"]
[Site "Bratto - Castione della Presolana ITA"]
[Date "2007.08.29"]
[Round "6"]
[White "Melone, Antonio"]
[Black "Margstahler, Francesco"]
[Result "1-0"]
[WhiteElo "1704"]
[BlackElo "1752"]
[PlyCount "40"]
[EventDate "2007.08.24"]

1. d4 d5 2. c4 e6 3. Nf3 Nf6 4. Nc3 Be7 5. e3 O-O 6. Be2 c5 7. O-O Nc6 8. b3
dxc4 9. bxc4 cxd4 10. exd4 b6 11. Bf4 Bb7 12. d5 exd5 13. cxd5 Nb4 14. d6 Bxd6
15. Qxd6 Nfd5 16. Nxd5 Nxd5 17. Qxd8 Raxd8 18. Bg3 Nc3 19. Bc4 b5 20. Rac1 Nxa2
1-0

[Event "XXVII Festival Conca della Presolana B"]
[Site "Bratto - Castione della Presolana ITA"]
[Date "2007.08.29"]
[Round "6"]
[White "Morandi, Daniele"]
[Black "Mora, Lorenzo"]
[Result "0-1"]
[WhiteElo "1904"]
[BlackElo "1920"]
[PlyCount "98"]
[EventDate "2007.08.24"]

1. e4 c5 2. Nf3 d6 3. d4 cxd4 4. Nxd4 g6 5. Nc3 Bg7 6. Be2 Nf6 7. O-O Nc6 8.
Be3 O-O 9. Qd2 Nxd4 10. Bxd4 a6 11. f4 Qa5 12. a3 Nxe4 13. Qe3 Bxd4 14. Qxd4
Nxc3 15. bxc3 Be6 16. Bf3 Rac8 17. Bxb7 Rxc3 18. Be4 Rfc8 19. Rfb1 R8c4 20.
Rb8+ Bc8 21. Qd5 Qxd5 22. Bxd5 Rc5 23. Bb7 Kg7 24. Bxc8 Rxc8 25. Rxc8 Rxc8 26.
Ra2 Kf6 27. Kf2 Kf5 28. g3 h5 29. Ke3 h4 30. Kd3 hxg3 31. hxg3 Kg4 32. Rb2 Rc7
33. c4 Kxg3 34. Rc2 e6 35. Ke3 Rc5 36. Rc3 Kg4 37. Rc1 d5 38. Rg1+ Kf5 39. cxd5
Rxd5 40. a4 e5 41. Rf1 e4 42. Rc1 Rd3+ 43. Ke2 Kxf4 44. Rc6 f5 45. Rxg6 Ra3 46.
Rxa6 Ra2+ 47. Kf1 Kf3 48. Kg1 e3 49. Rf6 e2 0-1

[Event "XXVII Festival Conca della Presolana B"]
[Site "Bratto - Castione della Presolana ITA"]
[Date "2007.08.29"]
[Round "6"]
[White "Pedemonte, Claudio"]
[Black "Romano, Zeno"]
[Result "0-1"]
[WhiteElo "1915"]
[BlackElo "1866"]
[PlyCount "102"]
[EventDate "2007.08.24"]

1. c4 e5 2. g3 Nf6 3. Bg2 d6 4. Nc3 Be7 5. Nf3 O-O 6. O-O c6 7. d4 Nbd7 8. Qc2
Qc7 9. b3 Re8 10. Bb2 Bf8 11. Rad1 a6 12. dxe5 dxe5 13. Rd2 h6 14. e3 Nc5 15.
b4 Ne6 16. c5 a5 17. a3 axb4 18. axb4 Ng5 19. Nxg5 hxg5 20. Ne4 Nxe4 21. Bxe4
Be6 22. Bf5 Qc8 23. e4 Bxf5 24. exf5 e4 25. f6 g6 26. Re1 Qg4 27. Rde2 e3 28.
Rxe3 Rxe3 29. Rxe3 Qxb4 30. Rb3 Qxc5 31. Qe4 b5 32. Re3 Rd8 33. Re1 Qb4 34. Qe5
Bd6 35. Qe2 Bc5 36. Bc1 Bf8 37. Bxg5 c5 38. h4 c4 39. Qe4 c3 40. Qc6 c2 41. Re8
Rxe8 42. Qxe8 Qc5 43. Bc1 b4 44. Qb8 Qc3 45. Qf4 b3 46. h5 b2 47. hxg6 bxc1=Q+
48. Qxc1 Bh6 49. f4 Qxg3+ 50. Kh1 Qf3+ 51. Kg1 Qd1+ 0-1

[Event "XXVII Festival Conca della Presolana B"]
[Site "Bratto - Castione della Presolana ITA"]
[Date "2007.08.29"]
[Round "6"]
[White "Primerano, Carlo"]
[Black "Stella, Luca"]
[Result "1-0"]
[WhiteElo "1740"]
[BlackElo "1855"]
[PlyCount "73"]
[EventDate "2007.08.24"]

1. d4 Nf6 2. c4 e6 3. Nc3 Bb4 4. Qc2 b6 5. Bg5 Bb7 6. f3 c5 7. dxc5 bxc5 8. a3
Ba5 9. e4 Nc6 10. Nge2 Nd4 11. Qd1 e5 12. Bd2 O-O 13. Nxd4 exd4 14. Nd5 Bxd2+
15. Qxd2 Nxd5 16. cxd5 f5 17. O-O-O Qb6 18. Bc4 d6 19. Rhe1 Ba6 20. Bxa6 Qxa6
21. Qd3 Qxd3 22. Rxd3 Rae8 23. Rd2 Re5 24. Kc2 Rfe8 25. Rde2 Kf7 26. Kd3 g6 27.
f4 fxe4+ 28. Rxe4 Rxe4 29. Rxe4 Rxe4 30. Kxe4 a5 31. b3 Kf6 32. g4 h6 33. h3 g5
34. f5 Kf7 35. b4 cxb4 36. axb4 a4 37. Kxd4 1-0

[Event "XXVII Festival Conca della Presolana B"]
[Site "Bratto - Castione della Presolana ITA"]
[Date "2007.08.29"]
[Round "6"]
[White "Proietti, Giorgio"]
[Black "Tonel, Giulia"]
[Result "1-0"]
[WhiteElo "1878"]
[BlackElo "1934"]
[PlyCount "129"]
[EventDate "2007.08.24"]

1. d4 d5 2. c4 e6 3. Nc3 Nf6 4. Bg5 c6 5. e3 Qa5 6. Bxf6 gxf6 7. cxd5 exd5 8.
Bd3 Be6 9. Nge2 Bd6 10. a3 a6 11. b4 Qc7 12. Rc1 h5 13. Qa4 Ke7 14. Nb5 axb5
15. Qxa8 Rg8 16. g3 Qb6 17. Qa5 Qxa5 18. bxa5 Bxa3 19. Ra1 Bb4+ 20. Kd1 Na6 21.
Nf4 Rh8 22. h4 Bd6 23. Be2 Bg4 24. Bxg4 hxg4 25. Nd3 f5 26. Ke2 Kf6 27. Rhc1
Ra8 28. Rc2 Re8 29. Kf1 Rh8 30. Kg2 Rb8 31. Kg1 Rh8 32. Kh1 Ra8 33. Rca2 Rh8
34. Kg1 Rc8 35. Rc1 Rh8 36. Nc5 Bxc5 37. dxc5 Ke5 38. Kf1 Rd8 39. Rd2 Ra8 40.
Ke2 Nc7 41. Ra2 Ne6 42. Kd3 Nc7 43. Ke2 Ne6 44. f3 d4 45. fxg4 fxg4 46. Kd3
dxe3 47. Kxe3 f5 48. Kf2 Nd4 49. Re1+ Kd5 50. Rc1 Nb3 51. Rd1+ Kxc5 52. Rd7 Kb4
53. Rxb7 Rxa5 54. Rxa5 Nxa5 55. Rc7 c5 56. h5 Nc4 57. h6 Ne5 58. Rg7 c4 59. h7
c3 60. h8=Q c2 61. Rc7 c1=Q 62. Rxc1 Nd3+ 63. Ke3 Nxc1 64. Qb2+ Nb3 65. Kf4 1-0

[Event "XXVII Festival Conca della Presolana B"]
[Site "Bratto - Castione della Presolana ITA"]
[Date "2007.08.29"]
[Round "6"]
[White "Raselli, Claudio"]
[Black "Mazzetta, Renato"]
[Result "1/2-1/2"]
[WhiteElo "1985"]
[BlackElo "1864"]
[PlyCount "32"]
[EventDate "2007.08.24"]

1. d4 Nf6 2. c4 e5 3. dxe5 Ng4 4. Bf4 Bb4+ 5. Nd2 Nc6 6. Ngf3 Qe7 7. a3 Ngxe5
8. Nxe5 Nxe5 9. e3 Bxd2+ 10. Qxd2 d6 11. Be2 Bd7 12. O-O O-O 13. Rfd1 Bc6 14.
Qc3 Rfe8 15. b4 Qf6 16. Bxe5 Qxe5 1/2-1/2

[Event "XXVII Festival Conca della Presolana B"]
[Site "Bratto - Castione della Presolana ITA"]
[Date "2007.08.29"]
[Round "6"]
[White "Saccani, Ercole"]
[Black "Galasso, Daniele"]
[Result "1-0"]
[WhiteElo "1715"]
[BlackElo "1712"]
[PlyCount "69"]
[EventDate "2007.08.24"]

1. d4 d5 2. Bf4 Nf6 3. Nf3 c6 4. e3 Bg4 5. Nbd2 e6 6. h3 Bh5 7. g4 Bg6 8. Ne5
Be4 9. f3 Bg6 10. h4 h6 11. Nxg6 fxg6 12. Bd3 Kf7 13. Qe2 Bd6 14. Qh2 Be7 15.
O-O-O Na6 16. c3 c5 17. e4 c4 18. Bb1 b5 19. e5 Nh7 20. Nf1 b4 21. Qc2 Nf8 22.
Ne3 Rb8 23. Rde1 Qb6 24. g5 h5 25. Rhf1 bxc3 26. bxc3 Ba3+ 27. Kd2 Qb2 28. Nxd5
Qxc2+ 29. Bxc2 exd5 30. e6+ Nxe6 31. Bxb8 Rxb8 32. Bxg6+ Ke7 33. Rf2 Rb2+ 34.
Bc2 Rxa2 35. f4 {...} 1-0

[Event "XXVII Festival Conca della Presolana B"]
[Site "Bratto - Castione della Presolana ITA"]
[Date "2007.08.29"]
[Round "6"]
[White "Saccani, Ettore"]
[Black "Pennati, Roberto"]
[Result "1-0"]
[WhiteElo "1888"]
[BlackElo "1777"]
[PlyCount "49"]
[EventDate "2007.08.24"]

1. e4 e6 2. d4 d5 3. Nd2 c5 4. exd5 cxd4 5. Bb5+ Bd7 6. dxe6 Bxb5 7. exf7+ Kxf7
8. Qh5+ g6 9. Qxb5 Qe8+ 10. Qxe8+ Kxe8 11. Ngf3 Nc6 12. O-O Bg7 13. a3 Nge7 14.
Nc4 Kd7 15. Bf4 Rhf8 16. Nfe5+ Nxe5 17. Bxe5 Bxe5 18. Nxe5+ Kd6 19. Rfe1 Nf5
20. Rad1 Rfe8 21. Nc4+ Kc5 22. Nd2 h5 23. Kf1 b5 24. Ne4+ Kc4 25. b3+ 1-0

[Event "XXVII Festival Conca della Presolana B"]
[Site "Bratto - Castione della Presolana ITA"]
[Date "2007.08.29"]
[Round "6"]
[White "Sala, Giovanni"]
[Black "Crimi, Alessandro"]
[Result "0-1"]
[WhiteElo "1935"]
[BlackElo "1918"]
[PlyCount "82"]
[EventDate "2007.08.24"]

1. Nf3 Nf6 2. g3 g6 3. Bg2 Bg7 4. O-O c5 5. d3 O-O 6. Nbd2 Nc6 7. e4 d6 8. c3
Ne8 9. Re1 Rb8 10. Nb3 e5 11. d4 cxd4 12. cxd4 Qc7 13. Be3 f5 14. dxe5 dxe5 15.
Rc1 Nf6 16. exf5 Rd8 17. Qc2 Bxf5 18. Qc4+ Kh8 19. Red1 Ne4 20. Ng5 Rxd1+ 21.
Rxd1 Nxg5 22. Bxg5 Re8 23. Bd5 Qc8 24. Bf7 Rf8 25. Bd5 Nd4 26. Qa4 Bd7 27. Qxa7
Qc2 28. Rd2 Qf5 29. f4 exf4 30. Nxd4 Qxd5 31. Bxf4 Qe4 32. Nc2 Bc6 33. Qe3 Qh1+
34. Kf2 Qxh2+ 35. Kf1 Qh3+ 36. Kg1 Qh1+ 37. Kf2 g5 38. Nd4 gxf4 39. gxf4 Qh4+
40. Ke2 Re8 41. Ne6 Qg4+ 0-1

[Event "XXVII Festival Conca della Presolana B"]
[Site "Bratto - Castione della Presolana ITA"]
[Date "2007.08.29"]
[Round "6"]
[White "Saracco, Marco"]
[Black "Oteri, Aldo"]
[Result "1-0"]
[WhiteElo "1840"]
[BlackElo "1957"]
[PlyCount "33"]
[EventDate "2007.08.24"]

1. d4 Nf6 2. c4 e6 3. Nf3 b6 4. g3 Bb7 5. Bg2 d5 6. cxd5 exd5 7. O-O Be7 8. Nc3
O-O 9. b3 Re8 10. Re1 Bb4 11. Bb2 Ne4 12. Qc2 Qe7 13. e3 Nd7 14. Rec1 Rac8 15.
Nxe4 dxe4 16. Ne5 f5 17. Nxd7 1-0

[Event "XXVII Festival Conca della Presolana B"]
[Site "Bratto - Castione della Presolana ITA"]
[Date "2007.08.29"]
[Round "6"]
[White "Scarpellini, Felice"]
[Black "Cambieri, Mario"]
[Result "0-1"]
[WhiteElo "1848"]
[BlackElo "1867"]
[PlyCount "86"]
[EventDate "2007.08.24"]

1. c4 e5 2. Nc3 Nf6 3. g3 d5 4. cxd5 Nxd5 5. Bg2 Be6 6. Nf3 Nc6 7. O-O f6 8. a3
Be7 9. Qc2 Qd7 10. d3 g5 11. Ne4 g4 12. Nfd2 Nd4 13. Qd1 h5 14. e3 Nc6 15. Qe2
h4 16. f3 hxg3 17. Nxg3 f5 18. fxg4 f4 19. Bxd5 fxg3 20. Bxe6 Qxe6 21. hxg3 Qh6
22. Nf3 O-O-O 23. e4 Qh3 24. Kf2 Qxg4 25. Be3 Rdf8 26. Rh1 Rhg8 27. Rag1 Bg5
28. Bc5 Rf7 29. Kg2 Bf4 30. Rh4 Qg7 31. Kf1 Bg5 32. Rg4 Qh6 33. Qg2 Qh5 34.
Rxg5 Qxg5 35. Ke2 Qg4 36. Ke3 a5 37. b4 b6 38. b5 Nd8 39. Bxb6 cxb6 40. Qc2+
Rc7 41. Qb3 Rgg7 42. Nh4 Qd7 43. Nf5 Ne6 0-1

[Event "XXVII Festival Conca della Presolana B"]
[Site "Bratto - Castione della Presolana ITA"]
[Date "2007.08.29"]
[Round "6"]
[White "Trussardi, Giuseppe"]
[Black "Delledonne, Francesco"]
[Result "0-1"]
[WhiteElo "1702"]
[BlackElo "1822"]
[PlyCount "109"]
[EventDate "2007.08.24"]

1. c4 c6 2. Nc3 d5 3. e3 Nf6 4. d4 e6 5. Nf3 Nbd7 6. Bd3 dxc4 7. Bxc4 b5 8. Bd3
a6 9. O-O Bb7 10. e4 c5 11. e5 Nd5 12. Bg5 Be7 13. Bxe7 Qxe7 14. Ne4 O-O 15.
Nd6 Rab8 16. Nxb7 Rxb7 17. Be4 N7b6 18. dxc5 Qxc5 19. Bxh7+ Kxh7 20. Ng5+ Kg8
21. Qg4 Qb4 22. Ne4 Kh7 23. Qh5+ Kg8 24. Ng5 Rfb8 25. Qh7+ Kf8 26. Qh8+ Ke7 27.
Qxg7 Qf4 28. Rfe1 Qf5 29. Qh6 Rg8 30. Ne4 Qg4 31. Ng3 Qg5 32. Qh7 Rg6 33. h4
Qh6 34. Qxh6 Rxh6 35. Re4 Rc7 36. h5 Rc4 37. Rd1 Nf4 38. b3 Rxe4 39. Nxe4 Rxh5
40. Nc5 a5 41. Nb7 a4 42. bxa4 bxa4 43. Nc5 Nfd5 44. g3 Rh8 45. Rb1 Rc8 46. Ne4
Rc2 47. Nf6 Rxa2 48. Nxd5+ Nxd5 49. Rb7+ Kf8 50. Ra7 a3 51. Kg2 Ra1 52. Kf3 a2
53. Kg4 Nb4 54. f4 Rb1 55. Kg5 0-1

[Event "XXVII Festival Conca della Presolana B"]
[Site "Bratto - Castione della Presolana ITA"]
[Date "2007.08.29"]
[Round "6"]
[White "Vargiu, Antonio"]
[Black "Di Donato, Giovanni"]
[Result "1-0"]
[WhiteElo "1917"]
[BlackElo "1939"]
[PlyCount "107"]
[EventDate "2007.08.24"]

1. e4 e5 2. Nf3 f5 3. Nxe5 Qf6 4. d4 d6 5. Nc4 fxe4 6. Be2 Nc6 7. c3 d5 8. Ne3
Be6 9. O-O Bd6 10. f4 Nge7 11. Bg4 O-O-O 12. Na3 g6 13. Bxe6+ Qxe6 14. b4 Rdf8
15. Ng4 Nf5 16. b5 Nce7 17. Ne5 Bxa3 18. Bxa3 Ne3 19. Qa4 Nxf1 20. Rxf1 Kb8 21.
b6 axb6 22. Nd7+ Kc8 23. Nxf8 Rxf8 24. Qa8+ Kd7 25. Qxf8 Nf5 26. Qh8 Ne3 27.
Qe5 Nxf1 28. Qxe6+ Kxe6 29. Kxf1 Kf5 30. Bc1 h5 31. a4 Ke6 32. Kf2 Kf5 33. Kg3
c5 34. dxc5 bxc5 35. Be3 b6 36. h3 Ke6 37. Kh4 Kf5 38. g4+ hxg4 39. hxg4+ Kf6
40. Kg3 Ke6 41. Bf2 Kf6 42. Kh4 Ke6 43. Kg5 d4 44. cxd4 c4 45. Be3 c3 46. Kxg6
Kd5 47. f5 Kc4 48. f6 Kd3 49. Bc1 e3 50. Bxe3 Kxe3 51. f7 c2 52. f8=Q Kxd4 53.
Qf4+ Kc3 54. Qc1 1-0

[Event "XXVII Festival Conca della Presolana B"]
[Site "Bratto - Castione della Presolana ITA"]
[Date "2007.08.30"]
[Round "7"]
[White "Antoniacci, Riccardo"]
[Black "Chiarion, Elisa"]
[Result "0-1"]
[WhiteElo "1989"]
[BlackElo "1814"]
[PlyCount "50"]
[EventDate "2007.08.24"]

1. d4 d5 2. c4 e6 3. Nc3 c6 4. e3 Nf6 5. Nf3 Nbd7 6. cxd5 exd5 7. Bd3 Bd6 8.
O-O O-O 9. a3 Re8 10. Qc2 Nf8 11. h3 Ng6 12. b4 Bd7 13. Ng5 b6 14. Bb2 Rc8 15.
Rad1 Bb8 16. Ba6 Qc7 17. g3 Rcd8 18. Kh2 Nh5 19. Rg1 b5 20. a4 Nf6 21. Rc1 Qd6
22. Ba3 Nh4 23. Qe2 h6 24. Nf3 Qe6 25. Rg2 Qxh3+ 0-1

[Event "XXVII Festival Conca della Presolana B"]
[Site "Bratto - Castione della Presolana ITA"]
[Date "2007.08.30"]
[Round "7"]
[White "Bocceda, Carlo"]
[Black "Pennati, Roberto"]
[Result "1-0"]
[WhiteElo "1739"]
[BlackElo "1777"]
[PlyCount "51"]
[EventDate "2007.08.24"]

1. e4 g6 2. d4 Bg7 3. Nc3 d6 4. Be3 Nf6 5. Be2 Nbd7 6. Qd2 e5 7. O-O-O a6 8. f3
b5 9. h4 h5 10. Nh3 Qe7 11. Bg5 Bb7 12. f4 exd4 13. Qxd4 Bxe4 14. Nxe4 Qxe4 15.
Bxf6 Nxf6 16. Qxe4+ Nxe4 17. Bf3 d5 18. Rxd5 f5 19. Re1 c6 20. Rd6 Kf7 21. Bxe4
fxe4 22. Rxe4 Bf6 23. Rd7+ Kg8 24. Re6 Rf8 25. Rxc6 Bxh4 26. Rxg6# 1-0

[Event "XXVII Festival Conca della Presolana B"]
[Site "Bratto - Castione della Presolana ITA"]
[Date "2007.08.30"]
[Round "7"]
[White "Brunello, Roberta"]
[Black "Primerano, Carlo"]
[Result "1-0"]
[WhiteElo "1953"]
[BlackElo "1740"]
[PlyCount "61"]
[EventDate "2007.08.24"]

1. e4 c6 2. d4 d5 3. e5 Bf5 4. Nf3 e6 5. Be2 c5 6. c3 Nc6 7. O-O Qb6 8. dxc5
Bxc5 9. b4 Be7 10. Be3 Qc7 11. Qa4 Bg4 12. b5 Bxf3 13. bxc6 b5 14. Bxb5 Bh5 15.
Na3 Nh6 16. Ba6 O-O 17. Bb7 Rae8 18. Bd4 Be2 19. Rfe1 Bd3 20. Rad1 Bxa3 21.
Qxa3 Bb5 22. Qd6 Re7 23. Rb1 Nf5 24. Qxc7 Rxc7 25. Rxb5 Ne7 26. Bc5 Re8 27. Bd6
Rxc6 28. Bxc6 Nxc6 29. Reb1 h6 30. Rb7 Rc8 31. Rc7 1-0

[Event "XXVII Festival Conca della Presolana B"]
[Site "Bratto - Castione della Presolana ITA"]
[Date "2007.08.30"]
[Round "7"]
[White "Cambieri, Mario"]
[Black "Raselli, Claudio"]
[Result "1-0"]
[WhiteElo "1867"]
[BlackElo "1985"]
[PlyCount "105"]
[EventDate "2007.08.24"]

1. c4 e5 2. Nc3 d6 3. g3 f5 4. Bg2 Nf6 5. e4 Nc6 6. Nge2 fxe4 7. Nxe4 Bf5 8.
N2c3 Nxe4 9. Nxe4 Nd4 10. O-O Be7 11. f4 Qd7 12. fxe5 Bg4 13. e6 Qxe6 14. Qa4+
c6 15. d3 Rf8 16. Rxf8+ Kxf8 17. Bd2 Kg8 18. Re1 Qf5 19. Rf1 Qh5 20. Qa5 Qxa5
21. Bxa5 Be2 22. Re1 Bxd3 23. Nf2 Ne2+ 24. Kh1 Bxc4 25. b3 Ba6 26. Bf1 Rf8 27.
Bxe2 Rxf2 28. Bxa6 bxa6 29. Rxe7 Rxa2 30. Bc3 Rc2 31. Bxg7 d5 32. Rxa7 c5 33.
Be5 d4 34. Rd7 Re2 35. Bf4 Rb2 36. Rd5 Rxb3 37. Rxc5 d3 38. Rd5 Ra3 39. Bd2
Ra1+ 40. Kg2 Ra3 41. Kf3 Kf7 42. Ke3 Ke6 43. Rxd3 Ra4 44. Kf3 h5 45. h4 a5 46.
Rb3 Ra2 47. Be3 a4 48. Rb5 a3 49. Rxh5 Ra1 50. Ra5 a2 51. Bd4 Rd1 52. Bb2 Rd3+
53. Kf4 1-0

[Event "XXVII Festival Conca della Presolana B"]
[Site "Bratto - Castione della Presolana ITA"]
[Date "2007.08.30"]
[Round "7"]
[White "Caputi, Giuliano"]
[Black "Crimi, Alessandro"]
[Result "1-0"]
[WhiteElo "1975"]
[BlackElo "1918"]
[PlyCount "91"]
[EventDate "2007.08.24"]

1. c4 Nf6 2. Nf3 g6 3. Nc3 Bg7 4. d4 c5 5. d5 d6 6. e4 Bg4 7. Be2 Bxf3 8. Bxf3
Nbd7 9. O-O O-O 10. Be3 a6 11. Be2 Ne8 12. Qd2 Nc7 13. Bh6 Bxh6 14. Qxh6 e6 15.
f4 exd5 16. Rf3 Qf6 17. exd5 Qd4+ 18. Kh1 f5 19. Rh3 Qg7 20. Qh4 Nf6 21. Re3
Rae8 22. Qf2 b5 23. cxb5 axb5 24. Rxe8 Rxe8 25. Nxb5 Ne4 26. Qf1 Nxd5 27. Bc4
Qxb2 28. Bxd5+ Kg7 29. Bxe4 Rxe4 30. Nxd6 Rxf4 31. Qc1 Qe5 32. Nb5 Rc4 33. Qe1
Re4 34. Qc3 Kf6 35. Kg1 Rc4 36. Qxe5+ Kxe5 37. a4 Rb4 38. Nc3 Kd4 39. Ne2+ Ke3
40. Kf1 Rb2 41. a5 c4 42. a6 Rb8 43. Ke1 Ra8 44. Ra3+ Ke4 45. a7 g5 46. Nc3+
1-0